| 000 | 01276cam a22002651 4500 | ||
|---|---|---|---|
| 001 | gs 07000383 | ||
| 003 | DLC | ||
| 005 | 20260227111305.0 | ||
| 008 | 750224m18421844nyuf 000 0 eng c | ||
| 010 | _ags 07000383 | ||
| 035 | _a(OCoLC)1185743 | ||
| 040 |
_aU.S. Geol. Survey. Library _cNFredU _dOCoLC _dDLC |
||
| 042 | _apremarc | ||
| 050 | 0 | 0 |
_aQH105.N7 _bN2 div. 1 |
| 051 |
_aQL195 _b.D4 _cCopy 2 |
||
| 245 | 1 | 0 |
_aZoology of New York, or the New-York fauna; _bcomprising detailed descriptions of all the animals hitherto observed within the state of New York, with brief notices of those occasionally found near its borders, and accompanied by appropriate illustrations. _cBy James De Kay ... |
| 260 |
_aAlbany, _bPrinted by Carroll and Cook, printers to the Assembly [etc.] _c1842-44. |
||
| 300 |
_a6 pts. in 5 v. _bplates (part col.) _c29 x 23 cm. |
||
| 490 | 0 |
_aNatural history of New York ... _v[div. 1] |
|
| 500 | _aParts 1, 3 and 4 printed by W. & A. White & J. Visscher. | ||
| 504 | _aIncludes bibliogaphical references. | ||
| 505 | 0 | _apt. I. Mammalia.--pt. II. Birds.--pt. III. Reptiles and Amphibia.--pt. IV. Fishes.--pt. V. Mollusca.--pt. VI. Crustacea. | |
| 650 | 0 |
_aAnimals _zNew York (State) |
|
| 700 | 1 |
_aDe Kay, James E. _q(James Ellsworth), _d1792-1851. |
|
| 999 |
_c24572 _d24572 |
||